[Event "Stay Safe Play From Home 322"]
[Site "Emanuel Lasker Arena"]
[Date "2020.07.22"]
[Round "2"]
[White "Stefanone"]
[Black "Lazieri3"]
[Result "1-0"]
[WhiteElo "2069"]
[BlackElo "2135"]
[PlyCount "115"]
[EventDate "2020.07.22"]
[EventType "swiss (blitz)"]

1. d3 {[%emt 0:00:01]} c6 {[%emt 0:00:00]} 2. g3 {[%emt 0:00:00]} d5 {[%emt 0:00:01]} 3. Bg2 {[%emt 0:00:00]} Nf6 {[%emt 0:00:00]} 4. Nd2 {[%emt 0:00:00]} Bf5 {[%emt 0:00:00]} 5. e4 {[%emt 0:00:01]} dxe4 {[%emt 0:00:01]} 6. dxe4 {[%emt 0:00:00]} Be6 {[%emt 0:00:01]} 7. Qe2 {[%emt 0:00:00]} g6 {[%emt 0:00:01]} 8. c3 {[%emt 0:00:00]} Bg7 {[%emt 0:00:00]} 9. f4 {[%emt 0:00:01]} Qc8 {[%emt 0:00:00]} 10. Ngf3 {[%emt 0:00:02]} Bh3 {[%emt 0:00:01]} 11. O-O {[%emt 0:00:01]} Bxg2 {[%emt 0:00:01]} 12. Kxg2 {[%emt 0:00:00]} e6 {[%emt 0:00:01]} 13. e5 {[%emt 0:00:00]} Nd5 {[%emt 0:00:01]} 14. Ne4 {[%emt 0:00:01]} O-O {[%emt 0:00:01]} 15. Nd6 {[%emt 0:00:01]} Qc7 {[%emt 0:00:01]} 16. Ng5 {[%emt 0:00:01]} h6 {[%emt 0:00:01]} 17. Nf3 {[%emt 0:00:01]} Nd7 {[%emt 0:00:01]} 18. Be3 {[%emt 0:00:01]} Nxe3+ {[%emt 0:00:01]} 19. Qxe3 {[%emt 0:00:00]} Nb6 {[%emt 0:00:01]} 20. Rad1 {[%emt 0:00:01]} Rad8 {[%emt 0:00:01]} 21. b3 {[%emt 0:00:02]} a6 {[%emt 0:00:01]} 22. c4 {[%emt 0:00:01]} c5 {[%emt 0:00:00]} 23. Ne4 {[%emt 0:00:02]} Nd7 {[%emt 0:00:03]} 24. Nd6 {[%emt 0:00:01]} Nb6 {[%emt 0:00:02]} 25. Nd2 {[%emt 0:00:01]} Nc8 {[%emt 0:00:01]} 26. N2e4 {[%emt 0:00:01]} b6 {[%emt 0:00:01]} 27. g4 {[%emt 0:00:01]} Rd7 {[%emt 0:00:02]} 28. Qf3 {[%emt 0:00:01]} Rfd8 {[%emt 0:00:01]} 29. Rd2 {[%emt 0:00:01]} Nxd6 {[%emt 0:00:02]} 30. exd6 {[%emt 0:00:01]} Qc6 {[%emt 0:00:01]} 31. Rfd1 {[%emt 0:00:02]} Kh8 {[%emt 0:00:02]} 32. f5 {[%emt 0:00:01]} exf5 {[%emt 0:00:01]} 33. gxf5 {[%emt 0:00:00]} gxf5 {[%emt 0:00:05]} 34. Qxf5 {[%emt 0:00:01]} Rg8 {[%emt 0:00:00]} 35. Kf1 {[%emt 0:00:01]} Bd4 {[%emt 0:00:02]} 36. Rxd4 {[%emt 0:00:01]} cxd4 {[%emt 0:00:01]} 37. Nf6 {[%emt 0:00:01]} Qg2+ {[%emt 0:00:04]} 38. Ke1 {[%emt 0:00:01]} Qg1+ {[%emt 0:00:02]} 39. Kd2 {[%emt 0:00:01]} Qg6 {[%emt 0:00:00]} 40. Qxg6 {[%emt 0:00:01]} Rxg6 {[%emt 0:00:01]} 41. Nxd7 {[%emt 0:00:00]} Rxd6 {[%emt 0:00:01]} 42. Ne5 {[%emt 0:00:01]} Kg7 {[%emt 0:00:02]} 43. Kd3 {[%emt 0:00:01]} Kf6 {[%emt 0:00:02]} 44. Ng4+ {[%emt 0:00:01]} Kg5 {[%emt 0:00:01]} 45. Nf2 {[%emt 0:00:00]} Rf6 {[%emt 0:00:01]} 46. Ne4+ {[%emt 0:00:01]} Kf4 {[%emt 0:00:01]} 47. Nxf6 {[%emt 0:00:00]} Ke5 {[%emt 0:00:00]} 48. Ne4 {[%emt 0:00:01]} f5 {[%emt 0:00:01]} 49. Ng3 {[%emt 0:00:00]} Kf4 {[%emt 0:00:00]} 50. Ne2+ {[%emt 0:00:01]} Kg4 {[%emt 0:00:01]} 51. Nxd4 {[%emt 0:00:00]} Kh3 {[%emt 0:00:00]} 52. Nxf5 {[%emt 0:00:01]} b5 {[%emt 0:00:00]} 53. Nd4 {[%emt 0:00:00]} b4 {[%emt 0:00:00]} 54. c5 {[%emt 0:00:01]} a5 {[%emt 0:00:00]} 55. c6 {[%emt 0:00:00]} a4 {[%emt 0:00:00]} 56. c7 {[%emt 0:00:00]} a3 {[%emt 0:00:00]} 57. c8=Q+ {[%emt 0:00:00]} Kh4 {[%emt 0:00:01]} 58. Qd8+ {[%emt 0:00:01] Time (Lag: Av=0.33s, max=0.8s)} 1-0

[Event "Stay Safe Play From Home 322"]
[Site "Emanuel Lasker Arena"]
[Date "2020.07.22"]
[Round "2"]
[White "Buzaglo"]
[Black "BrainThinker22"]
[Result "0-1"]
[WhiteElo "1912"]
[BlackElo "2364"]
[Annotator "NA"]
[PlyCount "110"]
[EventDate "2020.07.22"]
[EventType "swiss (blitz)"]

1. d4 {[%emt 0:00:01]} c5 {[%emt 0:00:01]} 2. Nf3 {[%emt 0:00:00]} cxd4 {[%emt 0:00:00]} 3. g3 {[%emt 0:00:00]} Nc6 {[%emt 0:00:00]} 4. Nxd4 {[%emt 0:00:01]} e5 {[%emt 0:00:01]} 5. Nxc6 {[%emt 0:00:01]} bxc6 {[%emt 0:00:00]} 6. Bg2 {[%emt 0:00:00]} d5 {[%emt 0:00:00]} 7. O-O {[%emt 0:00:00]} Be6 {[%emt 0:00:00]} 8. e4 {[%emt 0:00:00]} Nf6 {[%emt 0:00:00]} 9. exd5 {[%emt 0:00:01]} cxd5 {[%emt 0:00:00]} 10. c4 {[%emt 0:00:01]} Bc5 {[%emt 0:00:01]} 11. cxd5 {[%emt 0:00:01]} Bxd5 {[%emt 0:00:00]} 12. Bxd5 {[%emt 0:00:01]} Nxd5 {[%emt 0:00:00]} 13. Nc3 {[%emt 0:00:02]} Nxc3 {[%emt 0:00:01]} 14. Qxd8+ {[%emt 0:00:01]} Rxd8 {[%emt 0:00:00]} 15. bxc3 {[%emt 0:00:00]} O-O {[%emt 0:00:01]} 16. Bg5 {[%emt 0:00:02]} f6 {[%emt 0:00:01]} 17. Bc1 {[%emt 0:00:02]} Rd3 {[%emt 0:00:01]} 18. Bb2 {[%emt 0:00:02]} Rfd8 {[%emt 0:00:00]} 19. c4 {[%emt 0:00:01]} Rd2 {[%emt 0:00:01]} 20. Bc3 {[%emt 0:00:01]} Rc2 {[%emt 0:00:00]} 21. Ba5 {[%emt 0:00:02]} Rd3 {[%emt 0:00:04]} 22. a4 {[%emt 0:00:04]} Rf3 {[%emt 0:00:01]} 23. Be1 {[%emt 0:00:04]} Rxc4 {[%emt 0:00:01]} 24. Ra2 {[%emt 0:00:02]} h5 {[%emt 0:00:05]} 25. Kg2 {[%emt 0:00:01]} Rd3 {[%emt 0:00:04]} 26. h4 {[%emt 0:00:01]} Rc1 {[%emt 0:00:02]} 27. a5 {[%emt 0:00:01]} Rdd1 {[%emt 0:00:01]} 28. Re2 {[%emt 0:00:01]} Bb4 {[%emt 0:00:00]} 29. Bxb4 {[%emt 0:00:01]} Rxf1 {[%emt 0:00:00]} 30. Bc5 {[%emt 0:00:02]} Rg1+ {[%emt 0:00:02]} 31. Kf3 {[%emt 0:00:01]} Rxc5 {[%emt 0:00:02]} 32. a6 {[%emt 0:00:01]} Rgc1 {[%emt 0:00:01]} 33. Rb2 {[%emt 0:00:01]} R1c3+ {[%emt 0:00:01]} 34. Kg2 {[%emt 0:00:00]} Rc2 {[%emt 0:00:01]} 35. Rb8+ {[%emt 0:00:01]} Rc8 {[%emt 0:00:01]} 36. Rb7 {[%emt 0:00:00]} R2c7 {[%emt 0:00:01]} 37. Rb5 {[%emt 0:00:01]} Kf7 {[%emt 0:00:01]} 38. Rd5 {[%emt 0:00:01]} Rc6 {[%emt 0:00:01]} 39. Rd3 {[%emt 0:00:00]} Rxa6 {[%emt 0:00:01]} 40. g4 {[%emt 0:00:00]} hxg4 {[%emt 0:00:01]} 41. h5 {[%emt 0:00:01]} Rh8 {[%emt 0:00:03]} 42. h6 {[%emt 0:00:00]} Rxh6 {[%emt 0:00:01]} 43. Rg3 {[%emt 0:00:01]} Rh5 {[%emt 0:00:01]} 44. Rxg4 {[%emt 0:00:01]} Rg5 {[%emt 0:00:00]} 45. Rxg5 {[%emt 0:00:00]} fxg5 {[%emt 0:00:00]} 46. Kf3 {[%emt 0:00:00]} Kf6 {[%emt 0:00:00]} 47. Kg4 {[%emt 0:00:00]} Ra4+ {[%emt 0:00:01]} 48. f4 {[%emt 0:00:00]} Rxf4+ {[%emt 0:00:01]} 49. Kg3 {[%emt 0:00:00]} e4 {[%emt 0:00:01]} 50. Kg2 {[%emt 0:00:00]} e3 {[%emt 0:00:00]} 51. Kg3 {[%emt 0:00:00]} e2 {[%emt 0:00:00]} 52. Kg2 {[%emt 0:00:00]} e1=Q {[%emt 0:00:00]} 53. Kh3 {[%emt 0:00:01]} Qe3+ {[%emt 0:00:00]} 54. Kg2 {[%emt 0:00:01]} Rf2+ {[%emt 0:00:00]} 55. Kg1 {[%emt 0:00:01]} Qe1# {[%emt 0:00:00] (Lag: Av=0.51s, max=1.1s)} 0-1

[Event "Stay Safe Play From Home 322"]
[Site "Emanuel Lasker Arena"]
[Date "2020.07.22"]
[Round "2"]
[White "Oznog"]
[Black "Mcwashere99"]
[Result "0-1"]
[WhiteElo "1781"]
[BlackElo "1620"]
[Annotator "NA"]
[PlyCount "112"]
[EventDate "2020.07.22"]
[EventType "swiss (blitz)"]

1. d3 {[%emt 0:00:02] Mcwashere99 reconnected.} Nf6 {[%emt 0:00:10]} 2. Nc3 {[%emt 0:00:02]} c6 {[%emt 0:00:00]} 3. e4 {[%emt 0:00:01]} d5 {[%emt 0:00:00]} 4. exd5 {[%emt 0:00:01]} cxd5 {[%emt 0:00:00]} 5. Nf3 {[%emt 0:00:01]} Nc6 {[%emt 0:00:00]} 6. d4 {[%emt 0:00:01]} Bg4 {[%emt 0:00:01]} 7. Be3 {[%emt 0:00:01]} e6 {[%emt 0:00:01]} 8. Be2 {[%emt 0:00:01]} Bd6 {[%emt 0:00:01]} 9. O-O {[%emt 0:00:01]} O-O {[%emt 0:00:01]} 10. h3 {[%emt 0:00:01]} Bh5 {[%emt 0:00:01]} 11. Nb5 {[%emt 0:00:01]} Bb8 {[%emt 0:00:02]} 12. Nc3 {[%emt 0:00:01]} a6 {[%emt 0:00:00]} 13. a3 {[%emt 0:00:01]} b5 {[%emt 0:00:00]} 14. Nd2 {[%emt 0:00:02]} Qc7 {[%emt 0:00:02]} 15. g3 {[%emt 0:00:04]} Bxe2 {[%emt 0:00:02]} 16. Qxe2 {[%emt 0:00:00]} Ba7 {[%emt 0:00:01]} 17. Bf4 {[%emt 0:00:03]} Qb7 {[%emt 0:00:03]} 18. Nf3 {[%emt 0:00:01]} Nxd4 {[%emt 0:00:02]} 19. Nxd4 {[%emt 0:00:01]} Bxd4 {[%emt 0:00:00]} 20. Nd1 {[%emt 0:00:03]} Bb6 {[%emt 0:00:02]} 21. c3 {[%emt 0:00:01]} Ne4 {[%emt 0:00:01]} 22. Kg2 {[%emt 0:00:03]} Rac8 {[%emt 0:00:01]} 23. f3 {[%emt 0:00:01]} Nf6 {[%emt 0:00:01]} 24. Ne3 {[%emt 0:00:01]} d4 {[%emt 0:00:02]} 25. cxd4 {[%emt 0:00:01]} Bxd4 {[%emt 0:00:00]} 26. Ng4 {[%emt 0:00:01]} Nxg4 {[%emt 0:00:01]} 27. hxg4 {[%emt 0:00:00]} Rfd8 {[%emt 0:00:01]} 28. Rh1 {[%emt 0:00:02]} Qd5 {[%emt 0:00:02]} 29. Qd3 {[%emt 0:00:01]} g6 {[%emt 0:00:01]} 30. Bh6 {[%emt 0:00:02] Mcwashere99 reconnected.} Qc4 {[%emt 0:00:08]} 31. Qe4 {[%emt 0:00:02]} Qc2+ {[%emt 0:00:01]} 32. Qxc2 {[%emt 0:00:03]} Rxc2+ {[%emt 0:00:00]} 33. Kh3 {[%emt 0:00:01]} Rxb2 {[%emt 0:00:00]} 34. a4 {[%emt 0:00:01]} b4 {[%emt 0:00:01]} 35. a5 {[%emt 0:00:01]} b3 {[%emt 0:00:01]} 36. Rab1 {[%emt 0:00:01]} Rxb1 {[%emt 0:00:01]} 37. Rxb1 {[%emt 0:00:00]} b2 {[%emt 0:00:00]} 38. Bg5 {[%emt 0:00:03]} Rc8 {[%emt 0:00:01]} 39. Bf4 {[%emt 0:00:00]} Rc2 {[%emt 0:00:01]} 40. g5 {[%emt 0:00:00]} e5 {[%emt 0:00:00]} 41. Kg4 {[%emt 0:00:01]} exf4 {[%emt 0:00:01]} 42. gxf4 {[%emt 0:00:00]} Rc1 {[%emt 0:00:00]} 43. f5 {[%emt 0:00:00]} Rxb1 {[%emt 0:00:01]} 44. fxg6 {[%emt 0:00:01]} fxg6 {[%emt 0:00:00]} 45. f4 {[%emt 0:00:00]} Ra1 {[%emt 0:00:00]} 46. Kf3 {[%emt 0:00:01]} b1=Q {[%emt 0:00:00]} 47. f5 {[%emt 0:00:01]} Qxf5+ {[%emt 0:00:01]} 48. Ke2 {[%emt 0:00:01]} Re1+ {[%emt 0:00:01]} 49. Kd2 {[%emt 0:00:00]} Qf2+ {[%emt 0:00:01]} 50. Kd3 {[%emt 0:00:01]} Re3+ {[%emt 0:00:00]} 51. Kc4 {[%emt 0:00:00]} Qf4 {[%emt 0:00:00]} 52. Kd5 {[%emt 0:00:00]} Re5+ {[%emt 0:00:01]} 53. Kc4 {[%emt 0:00:00]} Qf5 {[%emt 0:00:01]} 54. Kb4 {[%emt 0:00:01]} Rxa5 {[%emt 0:00:00]} 55. Kc4 {[%emt 0:00:00] .} Rc5+ {[%emt 0:00:01]} 56. Kb4 {[%emt 0:00:00]} Qd5 {[%emt 0:00:01] Time (Lag: Av=0.85s, max=9.7s)} 0-1

[Event "Stay Safe Play From Home 322"]
[Site "Emanuel Lasker Arena"]
[Date "2020.07.22"]
[Round "2"]
[White "Udolerhard"]
[Black "Trotsky"]
[Result "1-0"]
[WhiteElo "1620"]
[BlackElo "1621"]
[Annotator "NA"]
[PlyCount "61"]
[EventDate "2020.07.22"]
[EventType "swiss (blitz)"]

1. d4 {[%emt 0:00:02]} d5 {[%emt 0:00:01]} 2. Bf4 {[%emt 0:00:00]} e6 {[%emt 0:00:01]} 3. e3 {[%emt 0:00:01]} c5 {[%emt 0:00:01]} 4. c3 {[%emt 0:00:01]} Nc6 {[%emt 0:00:01]} 5. Nd2 {[%emt 0:00:02]} c4 {[%emt 0:00:01]} 6. Ngf3 {[%emt 0:00:01]} Bd6 {[%emt 0:00:01]} 7. Bg3 {[%emt 0:00:01]} Qc7 {[%emt 0:00:01]} 8. b3 {[%emt 0:00:03]} Bd7 {[%emt 0:00:01]} 9. bxc4 {[%emt 0:00:01]} O-O-O {[%emt 0:00:01]} 10. cxd5 {[%emt 0:00:01]} exd5 {[%emt 0:00:01]} 11. Bxd6 {[%emt 0:00:01]} Qxd6 {[%emt 0:00:02]} 12. a4 {[%emt 0:00:01]} h5 {[%emt 0:00:01]} 13. Bd3 {[%emt 0:00:01]} Nh6 {[%emt 0:00:01]} 14. a5 {[%emt 0:00:01]} Ng4 {[%emt 0:00:01]} 15. a6 {[%emt 0:00:02]} b6 {[%emt 0:00:01]} 16. h3 {[%emt 0:00:04]} Nh6 {[%emt 0:00:02]} 17. Ng5 {[%emt 0:00:03]} f6 {[%emt 0:00:03]} 18. Ngf3 {[%emt 0:00:02]} g5 {[%emt 0:00:01]} 19. c4 {[%emt 0:00:03]} f5 {[%emt 0:00:02]} 20. c5 {[%emt 0:00:01]} bxc5 {[%emt 0:00:08]} 21. dxc5 {[%emt 0:00:00]} Qc7 {[%emt 0:00:01]} 22. Rb1 {[%emt 0:00:02]} Be6 {[%emt 0:00:03]} 23. Rb7 {[%emt 0:00:01]} Qa5 {[%emt 0:00:05]} 24. Qb1 {[%emt 0:00:07]} Rd7 {[%emt 0:00:08]} 25. Kf1 {[%emt 0:00:02]} Rxb7 {[%emt 0:00:03]} 26. Qxb7+ {[%emt 0:00:01]} Kd8 {[%emt 0:00:03]} 27. Qxc6 {[%emt 0:00:03]} Bd7 {[%emt 0:00:02]} 28. Qf6+ {[%emt 0:00:04]} Kc7 {[%emt 0:00:02]} 29. Qxh8 {[%emt 0:00:01]} Ng4 {[%emt 0:00:02]} 30. Qg7 {[%emt 0:00:02] .} Kc6 {[%emt 0:00:02]} 31. hxg4 {[%emt 0:00:01] Âðåìÿ (Lag: Av=0.57s, max=1.1s)} 1-0

[Event "Stay Safe Play From Home 322"]
[Site "Emanuel Lasker Arena"]
[Date "2020.07.22"]
[Round "2"]
[White "Meini"]
[Black "NeatFox"]
[Result "0-1"]
[WhiteElo "1589"]
[BlackElo "1758"]
[Annotator "NA"]
[PlyCount "70"]
[EventDate "2020.07.22"]
[EventType "swiss (blitz)"]

1. d4 {[%emt 0:00:01]} c6 {[%emt 0:00:00]} 2. Bf4 {[%emt 0:00:01]} d5 {[%emt 0:00:00]} 3. e3 {[%emt 0:00:01]} Nf6 {[%emt 0:00:00]} 4. Nf3 {[%emt 0:00:01]} g6 {[%emt 0:00:00]} 5. h3 {[%emt 0:00:01]} Bg7 {[%emt 0:00:01]} 6. Be2 {[%emt 0:00:01]} O-O {[%emt 0:00:00]} 7. O-O {[%emt 0:00:00]} Bd7 {[%emt 0:00:01]} 8. Nbd2 {[%emt 0:00:00]} Na6 {[%emt 0:00:00]} 9. c3 {[%emt 0:00:00]} Nc7 {[%emt 0:00:01]} 10. Qc2 {[%emt 0:00:01]} Qc8 {[%emt 0:00:01]} 11. Rad1 {[%emt 0:00:00]} Nb5 {[%emt 0:00:02]} 12. Qb1 {[%emt 0:00:01]} Nd6 {[%emt 0:00:01]} 13. Ne5 {[%emt 0:00:03]} Bxh3 {[%emt 0:00:03]} 14. gxh3 {[%emt 0:00:01]} Qxh3 {[%emt 0:00:00]} 15. Bg3 {[%emt 0:00:01]} Nde4 {[%emt 0:00:03]} 16. Nxe4 {[%emt 0:00:03]} Nxe4 {[%emt 0:00:00]} 17. Bg4 {[%emt 0:00:03]} Qh6 {[%emt 0:00:06]} 18. Bf4 {[%emt 0:00:03]} g5 {[%emt 0:00:01]} 19. Bh2 {[%emt 0:00:05]} f5 {[%emt 0:00:04]} 20. Bf3 {[%emt 0:00:03]} g4 {[%emt 0:00:02]} 21. Bxe4 {[%emt 0:00:01]} fxe4 {[%emt 0:00:01]} 22. Bf4 {[%emt 0:00:02]} Qh3 {[%emt 0:00:02]} 23. Qc2 {[%emt 0:00:04]} Rf6 {[%emt 0:00:02]} 24. f3 {[%emt 0:00:05]} gxf3 {[%emt 0:00:01]} 25. Qh2 {[%emt 0:00:03]} Qxh2+ {[%emt 0:00:03]} 26. Bxh2 {[%emt 0:00:02]} Rh6 {[%emt 0:00:01]} 27. Rf2 {[%emt 0:00:02]} Bxe5 {[%emt 0:00:01]} 28. Kf1 {[%emt 0:00:00]} Bxh2 {[%emt 0:00:01]} 29. Ke1 {[%emt 0:00:00]} Bg3 {[%emt 0:00:01]} 30. Kd2 {[%emt 0:00:01]} Bxf2 {[%emt 0:00:00]} 31. Kc2 {[%emt 0:00:01]} Rh2 {[%emt 0:00:00]} 32. Kb3 {[%emt 0:00:00]} Bxe3 {[%emt 0:00:00]} 33. a4 {[%emt 0:00:02]} f2 {[%emt 0:00:01]} 34. Rf1 {[%emt 0:00:01]} Rg2 {[%emt 0:00:01]} 35. c4 {[%emt 0:00:00]} Rg1 {[%emt 0:00:01] Meini gibt auf (Lag: Av=0.45s, max=0.7s)} 0-1

[Event "Stay Safe Play From Home 322"]
[Site "Emanuel Lasker Arena"]
[Date "2020.07.22"]
[Round "2"]
[White "Klasman"]
[Black "Mr bh6"]
[Result "0-1"]
[WhiteElo "1403"]
[BlackElo "2371"]
[PlyCount "48"]
[EventDate "2020.07.22"]
[EventType "swiss (blitz)"]

1. f4 {[%emt 0:00:01]} g6 {[%emt 0:00:00]} 2. e4 {[%emt 0:00:01]} Bg7 {[%emt 0:00:00]} 3. d4 {[%emt 0:00:01]} b6 {[%emt 0:00:00]} 4. c4 {[%emt 0:00:02]} Bb7 {[%emt 0:00:00]} 5. Nc3 {[%emt 0:00:02]} d6 {[%emt 0:00:00]} 6. Nf3 {[%emt 0:00:01]} Nd7 {[%emt 0:00:00]} 7. Bd3 {[%emt 0:00:01]} e6 {[%emt 0:00:00]} 8. Be3 {[%emt 0:00:02]} Ne7 {[%emt 0:00:00]} 9. O-O {[%emt 0:00:01]} O-O {[%emt 0:00:00]} 10. Qc2 {[%emt 0:00:01]} c5 {[%emt 0:00:00]} 11. d5 {[%emt 0:00:02]} exd5 {[%emt 0:00:01]} 12. cxd5 {[%emt 0:00:02]} a6 {[%emt 0:00:00]} 13. f5 {[%emt 0:00:04]} b5 {[%emt 0:00:01]} 14. fxg6 {[%emt 0:00:01]} hxg6 {[%emt 0:00:00]} 15. Bg5 {[%emt 0:00:03]} c4 {[%emt 0:00:00]} 16. Be2 {[%emt 0:00:02]} Re8 {[%emt 0:00:02]} 17. h4 {[%emt 0:00:04]} f6 {[%emt 0:00:02]} 18. Be3 {[%emt 0:00:03]} Ne5 {[%emt 0:00:00]} 19. Bd4 {[%emt 0:00:03]} f5 {[%emt 0:00:03]} 20. exf5 {[%emt 0:00:02]} Nxf5 {[%emt 0:00:00]} 21. Bxe5 {[%emt 0:00:09]} dxe5 {[%emt 0:00:00]} 22. Ng5 {[%emt 0:00:03]} e4 {[%emt 0:00:00]} 23. Ncxe4 {[%emt 0:00:02]} Bxd5 {[%emt 0:00:00]} 24. Rad1 {[%emt 0:00:04]} Qb6+ {[%emt 0:00:00] Time (Lag: Av=0.58s, max=1.2s)} 0-1

[Event "Stay Safe Play From Home 322"]
[Site "Emanuel Lasker Arena"]
[Date "2020.07.22"]
[Round "3"]
[White "Mr bh6"]
[Black "Buzaglo"]
[Result "1-0"]
[WhiteElo "2371"]
[BlackElo "1910"]
[PlyCount "49"]
[EventDate "2020.07.22"]
[EventType "swiss (blitz)"]

1. g3 {[%emt 0:00:01]} e6 {[%emt 0:00:00]} 2. Bg2 {[%emt 0:00:00]} d5 {[%emt 0:00:00]} 3. Nf3 {[%emt 0:00:00]} Nf6 {[%emt 0:00:00]} 4. O-O {[%emt 0:00:00]} c5 {[%emt 0:00:00]} 5. b3 {[%emt 0:00:00]} Nc6 {[%emt 0:00:00]} 6. Bb2 {[%emt 0:00:00]} Bd6 {[%emt 0:00:00]} 7. c4 {[%emt 0:00:00]} O-O {[%emt 0:00:01]} 8. cxd5 {[%emt 0:00:00]} exd5 {[%emt 0:00:00]} 9. d4 {[%emt 0:00:00]} c4 {[%emt 0:00:01]} 10. Nc3 {[%emt 0:00:01]} cxb3 {[%emt 0:00:01]} 11. axb3 {[%emt 0:00:00]} Nb4 {[%emt 0:00:02]} 12. Re1 {[%emt 0:00:00]} a5 {[%emt 0:00:01]} 13. Ne5 {[%emt 0:00:01]} Bg4 {[%emt 0:00:03]} 14. h3 {[%emt 0:00:01]} Bf5 {[%emt 0:00:01]} 15. e4 {[%emt 0:00:01]} dxe4 {[%emt 0:00:02]} 16. Nxe4 {[%emt 0:00:00]} Nxe4 {[%emt 0:00:01]} 17. Bxe4 {[%emt 0:00:00]} Bxe4 {[%emt 0:00:01]} 18. Rxe4 {[%emt 0:00:00]} Bxe5 {[%emt 0:00:04]} 19. dxe5 {[%emt 0:00:00]} Nc6 {[%emt 0:00:01]} 20. Qh5 {[%emt 0:00:02]} g6 {[%emt 0:00:02]} 21. Qh6 {[%emt 0:00:01]} Ne7 {[%emt 0:00:03]} 22. Rh4 {[%emt 0:00:01]} Re8 {[%emt 0:00:06]} 23. Qxh7+ {[%emt 0:00:01]} Kf8 {[%emt 0:00:00]} 24. Qh6+ {[%emt 0:00:00]} Kg8 {[%emt 0:00:05]} 25. Qh8# {[%emt 0:00:00] (Lag: Av=0.59s, max=0.9s)} 1-0

[Event "Stay Safe Play From Home 322"]
[Site "Emanuel Lasker Arena"]
[Date "2020.07.22"]
[Round "3"]
[White "BrainThinker22"]
[Black "Mepe_Nika"]
[Result "0-1"]
[WhiteElo "2366"]
[BlackElo "2394"]
[Annotator "NA"]
[PlyCount "104"]
[EventDate "2020.07.22"]
[EventType "swiss (blitz)"]

1. e4 {[%emt 0:00:01]} c6 {[%emt 0:00:00]} 2. d4 {[%emt 0:00:01]} d5 {[%emt 0:00:00]} 3. exd5 {[%emt 0:00:00]} cxd5 {[%emt 0:00:01]} 4. c4 {[%emt 0:00:00]} Nf6 {[%emt 0:00:01]} 5. Nc3 {[%emt 0:00:00]} g6 {[%emt 0:00:01]} 6. cxd5 {[%emt 0:00:01]} Nxd5 {[%emt 0:00:00]} 7. Bd3 {[%emt 0:00:00]} Bg7 {[%emt 0:00:01]} 8. Nf3 {[%emt 0:00:00]} O-O {[%emt 0:00:01]} 9. h3 {[%emt 0:00:00]} Nc6 {[%emt 0:00:01]} 10. O-O {[%emt 0:00:01] BrainThinker22 offers a draw} b6 {[%emt 0:00:01]} 11. Be4 {[%emt 0:00:01]} Nxc3 {[%emt 0:00:01]} 12. bxc3 {[%emt 0:00:00]} Bb7 {[%emt 0:00:01]} 13. Re1 {[%emt 0:00:01]} Rc8 {[%emt 0:00:00]} 14. Qa4 {[%emt 0:00:01]} a6 {[%emt 0:00:03]} 15. Ba3 {[%emt 0:00:01]} b5 {[%emt 0:00:01]} 16. Qc2 {[%emt 0:00:01]} Re8 {[%emt 0:00:01]} 17. Qd3 {[%emt 0:00:02]} Qa5 {[%emt 0:00:02]} 18. Bc1 {[%emt 0:00:03]} Qc7 {[%emt 0:00:01]} 19. Bd2 {[%emt 0:00:01]} Na5 {[%emt 0:00:01]} 20. Bxb7 {[%emt 0:00:01]} Qxb7 {[%emt 0:00:00]} 21. Bf4 {[%emt 0:00:02]} Nc4 {[%emt 0:00:01]} 22. Ne5 {[%emt 0:00:01]} e6 {[%emt 0:00:01]} 23. Nxc4 {[%emt 0:00:01]} Rxc4 {[%emt 0:00:01]} 24. Rab1 {[%emt 0:00:00]} Rec8 {[%emt 0:00:01]} 25. Rec1 {[%emt 0:00:01]} Qd5 {[%emt 0:00:00]} 26. Be3 {[%emt 0:00:04]} e5 {[%emt 0:00:01]} 27. Rd1 {[%emt 0:00:06]} Rxc3 {[%emt 0:00:01]} 28. Qd2 {[%emt 0:00:02]} exd4 {[%emt 0:00:01]} 29. Bxd4 {[%emt 0:00:00]} Rc2 {[%emt 0:00:02]} 30. Qd3 {[%emt 0:00:01]} Qxd4 {[%emt 0:00:01]} 31. Qxd4 {[%emt 0:00:00]} Bxd4 {[%emt 0:00:01]} 32. Rxd4 {[%emt 0:00:00]} Rxa2 {[%emt 0:00:00]} 33. Rd6 {[%emt 0:00:00]} Rcc2 {[%emt 0:00:01]} 34. Rf1 {[%emt 0:00:01]} b4 {[%emt 0:00:01]} 35. Rb6 {[%emt 0:00:01]} a5 {[%emt 0:00:00]} 36. Kh2 {[%emt 0:00:01]} Rxf2 {[%emt 0:00:02]} 37. Rg1 {[%emt 0:00:00]} Rab2 {[%emt 0:00:02]} 38. Kg3 {[%emt 0:00:01]} a4 {[%emt 0:00:01]} 39. Ra6 {[%emt 0:00:01]} a3 {[%emt 0:00:01]} 40. Ra7 {[%emt 0:00:01]} Ra2 {[%emt 0:00:02]} 41. Rb7 {[%emt 0:00:01]} Rfb2 {[%emt 0:00:01]} 42. Kf3 {[%emt 0:00:01]} b3 {[%emt 0:00:01]} 43. Ke3 {[%emt 0:00:00]} Rf2 {[%emt 0:00:01]} 44. g4 {[%emt 0:00:03]} Rae2+ {[%emt 0:00:02]} 45. Kd3 {[%emt 0:00:01]} b2 {[%emt 0:00:00]} 46. Kc3 {[%emt 0:00:01]} a2 {[%emt 0:00:02]} 47. Rb8+ {[%emt 0:00:01]} Kg7 {[%emt 0:00:01]} 48. Ra8 {[%emt 0:00:00]} b1=Q {[%emt 0:00:01]} 49. Rxb1 {[%emt 0:00:00]} axb1=Q {[%emt 0:00:00]} 50. Kd4 {[%emt 0:00:01]} Qb4+ {[%emt 0:00:02]} 51. Kd5 {[%emt 0:00:01]} Rd2+ {[%emt 0:00:01]} 52. Ke5 {[%emt 0:00:01]} Qe7# {[%emt 0:00:01] (Lag: Av=0.43s, max=0.8s)} 0-1